| 000 | 00727nam a2200277 a 4500 | ||
|---|---|---|---|
| 003 | AR-BaBNM | ||
| 005 | 20251128210117.0 | ||
| 008 | 082120s2002 ||||||||||||||000 | spa|| | ||
| 020 | _a0-13-830043-7 | ||
| 040 | _cAR-BaBNM | ||
| 100 | 1 | _aAbrams, Sharon | |
| 245 | 0 | 0 |
_aSpectrum _bworkbook : a communicate course in english 2B _n2 |
| 250 | _a1ª ed. | ||
| 260 |
_aLondon _bRegents/Prentice Hall _c1994 |
||
| 300 |
_a60 p. _bil. |
||
| 650 | 4 | _aENSEÑANZA DE IDIOMAS | |
| 650 | 4 | _aINGLES | |
| 650 | 4 | _aVOCABULARIO | |
| 650 | 4 | _aGRAMATICA | |
| 650 | 4 | _aACTIVIDADES DE APRENDIZAJE | |
| 650 | 4 | _aLIBROS DE TEXTO | |
| 700 | 1 | _aRein, David P. | |
| 700 | 1 |
_aByrd, Donald R. _edirector |
|
| 942 | _cBK | ||
| 998 | _cCarmen | ||
| 999 |
_c14080 _d14080 |
||